000 00358nam a22001337a 4500
082 _aCP-05
100 _aSohail, Malik Maj
_948350
245 _aEngineering economics PM-430 course pack
_cOD-76/CED-77
250 _aFall semester
260 _aMCE
_bSohail, Malik Maj
_c2014
526 _a0
_b0
_c0
_dCP_05
650 _aCourse pack
_950856
942 _2ddc
_cBKB
999 _c553584
_d553584